000 00629nam a2200229 a 4500
999 _c1089
_d1089
008 191125s1998 xxk||||g |||| 00| 0 eng d
020 _a9780091906412
_cRs. 175.00
040 _aKO
_beng
041 0 _aeng
044 _axxk
082 0 4 _223
_a158.1
_bC2151
100 1 _aCarnegie, Dale
245 1 0 _aHow to Stop Worrying and Start Living /
_cDale Carnegie; Edited by Dorothy Carnegie
260 _aLondon :
_bVermilion (Ebury Publishing) ,
_c1998
300 _a389 p. ;
_c18 cm
504 _aIncludes Index.
650 0 _aHappiness
700 _aCarnegie, Dorothy
_eedt
904 _aA_BOSE
942 _cBK